000 00911nam a2200289Ia 4500
003 GCL
005 20240530102848.0
008 140319s9999 xx 000 0 ara d
040 _aGCL /
_cGCL
082 0 4 _a726.1
_bق/ط م
100 1 _aطه الولى
245 1 0 _aالمساجد فى الاسلام /
_cطه الولى
250 _aط1
260 _aبيروت :
_bدار العلم للملايين ،
_c1988
300 _a904 ص ؛
_c28 سم
650 0 4 _aالعمارة الاسلامية
650 0 4 _aالاثار الاسلامية
650 0 4 _aالمساجد
650 0 4 _aالمساجد - مبانى
650 0 4 _aالمسجد النبوى
650 0 4 _aالجامع الازهر
650 0 4 _aالمساجد الاثرية
650 0 4 _aالمساجد - مصر
650 0 4 _aالفن الاسلامى
650 0 4 _aالمسجد النبوى - عمارة
942 _2ddc
_cBK
999 _c34998
_d34998